MDQL
is popping MORE tags! Check the
thread
!
Quizzes
Events
Quiz Creation
Community
Videos
Private Events
Remove Ads
Sign In
Join for FREE
Feedback
Dark Mode
Quiz Categories
Sports
Geography
Music
Movies
Television
Just For Fun
Miscellaneous
History
Literature
Language
Science
Gaming
Entertainment
Religion
Holiday
For Kids
Quiz Lab
Recent
Popular Today
Quiz Kudos Today
Editor Picks
Curator Picks
Quizzes by...
Day
Popularity
Type
Ratings
Length
Year
Community
Subscriptions
Recent Discussions
Orange Saloon
Badges
Playlists
Quests
Create
Leaderboards
Showdown
Live 5
Trivia Bingo
Activity
Puzzle Library
Sporcle Events
Private Events
Virtual Trivia
Globe League
Become a Host
Pub Owners
SporcleCon
Opinionation
Our Games
Videos
Blog
Mobile Apps
Partnerships
Remove Ads and Go Orange
Feedback
Literature
Harry Potter
A Song of Ice and Fire
The Hunger Games
Literary Character
Shakespeare
Book
Author
Novel
Poem
Young Adult
Children's Books
Play
Lord of the Rings
Literature
Harry Potter
A Song of Ice and Fire
The Hunger Games
Literary Character
Shakespeare
Book
Author
Novel
Poem
Young Adult
Children's Books
Play
Lord of the Rings
Random Quiz
Search Sporcle
×
Quiz Lab
Quiz Lab
Literature
Play
Type in answers that appear in a list
Type in answers that appear in a list
Classic
Best Score? Go Orange.
Characters in Plays Stats
Can you name the Characters in these plays?
By
ebette1
10m
31 Questions
34 Plays
34 Plays
34 Plays
Comments
Comments
Give Quiz Kudos
Give Quiz Kudos
-
- Ratings
hide this ad
Forced Order
Answers have to be entered in order
Answers have to be entered in order
Replay
Link that replays current quiz
Next Quiz
Link to next quiz in quiz playlist
You Got
0%
They Got
Avg Score
37%
Avg Friend Score
Upgrade to see
Score Distribution
Jump to the score distribution portion of the page
Score
0/31
Timer
10:00
0
Plays Today
Play
Character
% Correct
The Lieutenant of Inishmore
Donny
70.6%
The Lieutenant of Inishmore
Davey
67.6%
The Lieutenant of Inishmore
James
61.8%
The Lieutenant of Inishmore
Wee Thomas
61.8%
The Lieutenant of Inishmore
Padraic
58.8%
The Lieutenant of Inishmore
Christy
58.8%
The Lieutenant of Inishmore
Joey
50%
The Lieutenant of Inishmore
Brendan
44.1%
The Lieutenant of Inishmore
Mairead
41.2%
The Goat
Billy
38.2%
The Goat
Sylvia
38.2%
Who's Afraid of Virginia Woolf?
George
38.2%
Who's Afraid of Virginia Woolf?
Martha
35.3%
Who's Afraid of Virginia Woolf?
Honey
35.3%
The Goat
Martin
32.4%
The Goat
Ross
32.4%
Play
Character
% Correct
A Number
Bernard1
32.4%
A Number
Bernard2
32.4%
Betty's Summer Vacation
Betty
32.4%
Who's Afraid of Virginia Woolf?
Nick
32.4%
The Goat
Stevie
29.4%
A Number
Salter
29.4%
The Lieutenant of Inishmore
Sir Roger
29.4%
A Number
Michael Black
26.5%
Betty's Summer Vacation
Trudy
23.5%
Betty's Summer Vacation
Keith
23.5%
Betty's Summer Vacation
Buck
23.5%
Betty's Summer Vacation
Mrs. Siezmagraff
23.5%
Betty's Summer Vacation
Mr. Vanislaw
23.5%
Betty's Summer Vacation
The Voices
23.5%
Who's Afraid of Virginia Woolf?
Jimmy
20.6%
Quiz Playlist
Details
Report
Send in Message
Add To Playlist
Classic:
Type in answers that appear in a list
Forced Order:
Answers have to be entered in order
Last Updated: Feb 16, 2017
Quiz Scoreboard
CHALLENGE
Sign Up to Join the Scoreboard
Show All
Scores
Hide
Comments
May contain spoilers
Recently Published
1-10 Letter E Words III
by El_Dandy
Language
2m
Street Fighter Characters
by Artimus82
Gaming
60s
College Basketball Coaching Resumes
by pancakes188
Sports
9m
More to Explore
Quiz From the Vault
Featured Blog Post
Where Did the Easter Bunny Come From?
hide this ad
You Might Also Like...
Tags
Play Quiz
Character
Today's Top Quizzes in Literature
Browse Literature
hide this ad
Today's Top Quizzes in Play
Browse Play
Top Contributed Quizzes in Literature
1
Sneaky Slytherin Logic Puzzle
2
Get The Picture: Black or White Literature
3
5-to-1: Plays
4
A Court of Thorns and Roses (ACoTaR) Logic Puzzle
5
One Thing in Common: Literature
6
One Thing in Common: Literature II
7
One Thing in Common: Books
8
One Thing in Common: Literature 3
9
'Middle' Earth
10
Harry Potter Neighbourly Logic Puzzle #1
Explore More
Trending Topics
Anime
Crossword
Marvel
NBA
Harry Potter
Kpop
Disney
NFL
Country
Pokémon
Puzzle
WWE
Song
The Office
Soccer
hide this ad
More By:
ebette1
Quiz
Plays
Rating
Category
Featured
Created
Best Pokémon by Stat (Gen. 1)
3,570
4.48
Gaming
May 5, 2010
Characters in Plays
34
5.00
Literature
May 12, 2010
Go to Creator's Profile
Score Distribution
Quiz Creator Spotlight
ebette1
Follow
Send a Message
Quizzes Created
-
Created Quiz Play Count
-
More By This Creator
Popular Quizzes Today
1
Find the US States - No Outlines Minefield
2
Find the Countries of Europe - No Outlines Minefield
3
The Countries of the World
4
Find the US States
5
Risky Map Clicking: Biggest States A-Z
6
US States
7
Popular People in 1961
8
Movies - When Are They Set?
More Literature Quizzes
Dingbat Dickens
Editor's Pick
Trending Quizzes
Risky Map Clicking: Least Populous States A-Z
Billboard Blitz: Aretha Franklin
Famous Russians: Author or Composer?
Countries of the World: 200 Million BC
1-10 Letter G Words
Recently Updated
Leaping Animals
pecheneg
Reality TV Shows (A-Z)
bhenderson79
Rickey Henderson's Hall of Fame Teammates
pecheneg
Champions League XIs: Arsenal
pecheneg
Quick Pick: Celebrities in WWE's Hall of Fame
aduchscher
A-Z Keypad Blitz II
pecheneg
Multiple Oscar Actors
pecheneg
Mystery Phrase Blitz: Oscar 'Best Actors'
pecheneg
F. Scott Fitzgerald Novels
LTH
Pick 3 Villains
ddd62291
Trending Topics
Harry Potter
Crossword
Marvel
NBA
Kpop
Disney
Anime
WWE
Country
NFL
Puzzle
Song
Soccer
The Office
Pokémon
Your Account Isn't Verified!
In order to create a playlist on Sporcle, you need to verify the email address you used during registration. Go to your
Sporcle Settings
to finish the process.
Report this User
Report this user for behavior that violates our
Community Guidelines
.
Details:
Send Report
Go to the Sporcle.com Mobile Site →
Comments